000 01348nam a2200301Ia 4500
001 472
003 IT-RoPAU
008 130308s9999 xx 000 0 und d
040 _aIT-RoPAU
040 _cIT-RoPAU
041 _aITALIANO
100 _aCarnap Rudolf
100 _gCodice Aut. SPICS: 8409
245 _aControllabilità e significato (Testability and Meaning)
245 _bAnaliticita', Significanza, Induzione
250 _a1a ed.
260 _aBOLOGNA
260 _bIl Mulino
260 _c1971 [1° Ed.:1971 - Ed.Ling.Originale:1937]
300 _a"113 p. (prefazione: no ; testo: 113 [pagine: 149-261])"
500 _aConferma Controllo e Significato Verificabilità Verificazione Analisi Logica della conferma e del Controllo Alcuni termini e Simboli della Logica Riducibilità della conferma Enunciati Di.Riduzione catene introduttive riduzione e Definizione Analisi Empirica della conferma e del Controllo Predicati Osservabili e Realizzabili Confermabilità Controllabilità Positivismo e Fisicalismo Costruzione di un Sistema Linguistico Enunciati e Predicati Atomici Linguaggi Molecolari Scala dei Linguaggi Principio dell'Empirismo Confermabilità delle Previsioni
650 _aLOGICA FILOSOFICA
650 _eCodice materia Spics: 3151
942 _cBK
957 _71
999 _c39038
_d39038
999 _bSI
999 _g1